Pokémon Letter "E" for each type - Statistics

General Stats
  • This quiz has been taken 13 times
  • The average score is 11 of 15
Answer Stats
Type Pokémon % Correct
Psychic Elgyem|Espathra|Espeon|Espurr|Exeggcute|Exeggutor
92%
Electric Eelektrik|Eelektross|Electabuzz|Electivire|Electrike|Electrode|Elekid|Emolga
83%
Normal Eevee|Exploud
83%
Fire Emboar|Entei
83%
Steel Empoleon|Escavalier|Excadrill
83%
Grass Eldegoss|Exeggcute|Exeggutor
75%
Flying Emolga|Enamorus
75%
Water Empoleon
75%
Bug Escavalier
75%
Ice Eiscue
67%
Poison Ekans|Eternatus
67%
Fairy Enamorus
67%
Dragon Eternatus
67%
Fighting Emboar
58%
Ground Excadrill
58%
No matching quizzes found
Score Distribution
Percent of People with Each Score
Percentile by Number Answered
Your Score History
You have not taken this quiz